Music Quiz

Random Music or Lyrics Quiz

'Heart of Gold' Lyrics by Neil Young Quiz Stats

 Plays Quiz Updated Oct 13, 2013

Support Sporcle.
Go Orange.
Score 0/130 Timer 04:00
5 Plays Today
% Correct
heart
98.9%
heart
98.9%
heart
98.9%
heart
98.9%
heart
98.9%
heart
98.9%
heart
98.9%
heart
98.9%
heart
98.9%
gold
98.7%
gold
98.7%
gold
98.7%
gold
98.7%
gold
98.7%
gold
98.7%
gold
98.7%
gold
98.7%
gold
98.7%
of
98.6%
of
98.6%
of
98.6%
of
98.6%
of
98.6%
of
98.6%
of
98.6%
of
98.6%
of
98.6%
I
97.8%
I
97.8%
I
97.8%
I
97.8%
a
97.5%
a
97.5%
a
97.5%
a
97.5%
a
97.5%
a
97.5%
a
97.5%
a
97.5%
a
97.5%
a
97.5%
a
97.5%
a
97.5%
for
86.9%
% Correct
for
86.9%
for
86.9%
for
86.9%
for
86.9%
for
86.9%
for
86.9%
for
86.9%
for
86.9%
to
84.1%
to
84.1%
to
82.1%
to
82.1%
And
80.3%
And
80.3%
And
80.3%
And
80.3%
And
80.3%
the
74.6%
me
73.9%
me
73.9%
me
73.9%
me
73.9%
me
73.9%
me
73.9%
searching
72.3%
searching
72.3%
searching
72.3%
searching
72.3%
searching
72.3%
searching
72.3%
been
71.9%
been
71.9%
been
71.9%
been
71.9%
been
71.9%
I've
69.3%
I've
69.3%
I've
69.3%
I've
69.3%
I've
69.3%
I'm
68.7%
I'm
68.7%
I'm
68.7%
I'm
68.7%
% Correct
I'm
68.7%
want
65.8%
want
65.8%
old
64.7%
old
64.7%
old
64.7%
old
64.7%
old
64.7%
keep
62.7%
Keep
62.7%
keep
62.7%
getting
61.8%
getting
61.8%
getting
61.8%
getting
61.8%
miner
58.7%
miner
58.7%
give
57.6%
give
57.6%
live
57.5%
in
56.4%
It's
55.6%
it's
55.6%
You
55.1%
my
51.2%
Hollywood
50.8%
That
50.4%
That
50.4%
Redwood
47.6%
fine
42.2%
Keeps
41.5%
keeps
41.5%
Keeps
41.5%
such
40.2%
these
38.4%
never
38.2%
line
37.7%
ocean
37.2%
mind
36.2%
expressions
34.2%
crossed
33.3%
growing
33.1%

You're not logged in!

Compare scores with friends on all Sporcle quizzes.
OR
Log In

From the Vault

Country Land Border Blitz II 7-to-1

by samc67

Well, we guess this can help you set up travel plans if you plan on hanging out with border patrol.
Remove Ads.
Support Sporcle.
Get the best of Sporcle when you Go Orange. This ad-free experience offers more features, more stats, and more fun while also helping to support Sporcle. Thank you for becoming a member.

Show Comments

Extras

Top Quizzes Today


Score Distribution

Your Account Isn't Verified!

In order to create a playlist on Sporcle, you need to verify the email address you used during registration. Go to your Sporcle Settings to finish the process.

Report this User

Report this user for behavior that violates our Community Guidelines.

Details: